Statistics for Top 20 Brighton & Hove Albion Goalscorers in the Premier League

Click here to take the quiz!

General Stats

  • This quiz has been taken 16 times
    (8 since last reset)
  • The average score is 16 of 24

Answer Stats

NPlayerNationalityGoals% Correct
6Alexis Mac AllisterArgentinian16
100%
10Kaoru MitomaJapanese10
100%
4Leandro TrossardBelgian25
100%
7Lewis DunkEnglish15
100%
2Neal MaupayFrench26
100%
1Pascal GrossGerman29
100%
8Solly MarchEnglish14
100%
12Adam WebsterEnglish6
86%
5Danny WelbeckEnglish19
86%
9Evan FergusonIrish12
71%
2Glenn MurrayEnglish26
71%
20Simon AdingraIvorian3
71%
20Adam LallanaEnglish3
57%
13Joao PedroBrazilian5
57%
18Julio EncisoParaguayan4
57%
13Deniz UndavGerman5
43%
20Joel VeltmanDutch3
43%
13José IzquierdoColombian5
43%
11Shane DuffyIrish7
43%
20Yves BissoumaMalian3
43%
13Aaron ConnollyIrish5
29%
13Anthony KnockaertFrench5
29%
18Florin AndoneRomanian4
29%
20Jurgen LocadiaGerman3
0%

Score Distribution

Percentile by Number Answered

Percent of People with Each Score

Your Score History

You have not taken this quiz since the last reset